[Event "GER M06-C email"]
[Site "GER email"]
[Date "2017.06.26"]
[Round "?"]
[White "Ibragimov, Viktor Aroslanovich"]
[Black "Avotins, Maigonis"]
[Result "1/2-1/2"]
[WhiteElo "2431"]
[BlackElo "2414"]
[PlyCount "57"]
[EventDate "2017.??.??"]
[EventType "tourn (corr)"]
[EventRounds "10"]
[EventCountry "GER"]
[SourceTitle "Corr 2020"]
[Source "ChessBase"]
[SourceDate "2019.09.30"]
[SourceVersion "1"]
[SourceVersionDate "2019.09.30"]
[SourceQuality "1"]

1. e4 c5 2. Nf3 d6 3. d4 cxd4 4. Nxd4 Nf6 5. Nc3 a6 6. Be3 e5 7. Nb3 Be6 8. f3 Nbd7 9. g4 b5 10. a4 b4 11. Nd5 Bxd5 12. exd5 Nb6 13. Bf2 h6 14. Bxb6 Qxb6 15. Qd2 g6 16. 0-0-0 Bg7 17. Kb1 0-0 18. h4 Nd7 19. Re1 Nc5 20. Nxc5 Qxc5 21. h5 g5 22. Re4 Rab8 23. Qd3 Rfc8 24. Rc4 Qxc4 25. Qxc4 Rxc4 26. Bxc4 a5 27. Bd3 Bf6 28. Rc1 Kf8 29. Be4 1/2-1/2

[Event "GER M06-C email"]
[Site "GER email"]
[Date "2017.06.26"]
[Round "?"]
[White "Tiemann, Christoph"]
[Black "Ibragimov, Viktor Aroslanovich"]
[Result "1/2-1/2"]
[WhiteElo "2403"]
[BlackElo "2431"]
[PlyCount "35"]
[EventDate "2017.??.??"]
[EventType "tourn (corr)"]
[EventRounds "10"]
[EventCountry "GER"]
[SourceTitle "Corr 2017"]
[Source "ChessBase"]
[SourceDate "2017.09.19"]
[SourceVersion "1"]
[SourceVersionDate "2017.09.19"]
[SourceQuality "1"]

1. e4 c5 2. Nf3 d6 3. d4 cxd4 4. Nxd4 Nf6 5. Nc3 a6 6. h3 e5 7. Nb3 Be6 8. f4 g6 9. Be2 Nbd7 10. g4 exf4 11. g5 Ng8 12. Bxf4 h6 13. Qd4 hxg5 14. Bd2 Rxh3 15. Rxh3 Bxh3 16. 0-0-0 Qf6 17. Qg1 Be6 18. Nd4 1/2-1/2